| 000 | 00376nam a22001457a 4500 | ||
|---|---|---|---|
| 003 | OSt | ||
| 005 | 20221216145937.0 | ||
| 008 | 221216b |||||||| |||| 00| 0 eng d | ||
| 040 | _cMACL | ||
| 100 |
_dPandey,Dr.Balgovind _981627 |
||
| 245 | _aGreat Spiritual Soul Ramakrishna Paramahansa | ||
| 260 |
_aGhaziabad _bLavkush Sahitya _c2022 |
||
| 650 | _aChildern | ||
| 942 |
_2ddc _cBK |
||
| 999 |
_c65776 _d65776 |
||